The apocalypse. (Record no. 6204)

000 -LEADER
fixed length control field 00607nam a2200181 a 4500
001 - CONTROL NUMBER
control field :::00003947$&:&@@
003 - CONTROL NUMBER IDENTIFIER
control field OkBaRHE
005 - DATE AND TIME OF LATEST TRANSACTION
control field 20000607103315.0
008 - FIXED-LENGTH DATA ELEMENTS--GENERAL INFORMATION
fixed length control field s1980 j 000 0 eng u
040 ## - CATALOGING SOURCE
Transcribing agency
100 1# - MAIN ENTRY--PERSONAL NAME
Personal name Seiss, J. A. (Joseph Augustus), 1823-1904.
245 14 - TITLE STATEMENT
Title The apocalypse.
260 ## - PUBLICATION, DISTRIBUTION, ETC. (IMPRINT)
Place of publication, distribution, etc Grand Rapids, MI., :
Name of publisher, distributor, etc Zondervan Publishing House
Date of publication, distribution, etc 1980
300 ## - PHYSICAL DESCRIPTION
Extent 536 p. ;
Dimensions 25 cm.
650 ## - SUBJECT ADDED ENTRY--TOPICAL TERM
Topical term or geographic name as entry element Bible New Testament Revelation
General subdivision Criticism, Interpretation, etc.
942 ## - ADDED ENTRY ELEMENTS (KOHA)
Source of classification or shelving scheme
Koha item type Books
Copies
Source of classification or shelving scheme Withdrawn status Koha item type Price effective from Date acquired Date last seen Full call number Copy number Lost status Barcode Not for loan Damaged status Shelving location Permanent Location
  Books2010-04-142010-04-142018-04-03BS 2825.2 .S41 3947  General StacksRHEMA Bible Training College